| 000 | 01559 a2200229 4500 | ||
|---|---|---|---|
| 001 | 57145 | ||
| 005 | 20260407155834.0 | ||
| 008 | 260407a1995 arg spa d | ||
| 003 | AR-UNSa-BCEJYS | ||
| 040 |
_aAR-UNSa-BCEJYS _bspa _cAR-UNSa-BCEJYS |
||
| 080 |
_a37 _xEducación. Enseñanza. Formación |
||
| 245 | 1 | 0 |
_aDe la actualidad a la escuela _pla formación social y democrática |
| 020 | _a950-701-307-5 | ||
| 264 | 1 |
_aBuenos Aires : _bAique Grupo Editor _c1995 |
|
| 300 |
_a84 p. _c22 cm. |
||
| 505 | _a1. La socialización política: un aprendizaje democrático – 2. El primer valor de la justicia – 3. ¿Quién es democrático? – 4. El conocimiento político – 5. La participación – 6.Las fuentes de información – 6.Las fuentes de información: un acceso desigual – 7.Una formación interdisciplinaria – 8.Trabajar por proyectos – 9. Los contenidos transversales – 10. ¿Qué enseñamos? – 11.La actualidad: un disparador una clase – 12.Estrategias del aula – 13. Una acción una comunidad – 14. Todos los contenidos, en todas las áreas, incluyen valores – 15.Al final, la evaluación – 16.El currículo oculto – 17.Que la formación política sea un elemento para evaluar la calidad educativa – 18. ¿Qué pasa con la cultura social de los chicos? – 19.Los riesgos, las garantías. | ||
| 041 | _aspa | ||
| 942 | _cBK | ||
| 590 | _aniveau_biblio:m niveau_hierar:0 | ||
| 100 | 1 | _aMorduchowicz, Roxana | |
| 856 | 4 | 1 |
_uhttps://biblioeco.unsa.edu.ar/pmb/images/libros/L128714.jpg _yImagen de portada _qimage/jpeg |
| 999 |
_c6137 _d6137 |
||